000
00263nam a2200121Ia 4500
100
_a
#N/A
650
_a
LIBRARY
942
_c
BK
245
_a
LIBRARY CATALOGE OF BRITISH COUNCIL
260
_b
BRITISH COUNCIL LIBRARY
_a
Mumbai
082
_b
BCL
546
_a
ENGLISH
999
_c
20926
_d
20926